000 00185nam a22000857a 4500
999 _c16297
_d16297
003 OSt
008 200721b ||||| |||| 00| 0 eng d
245 _aAgriculture Relations Act
942 _cBK